书目信息 |
| 题名: |
产业生态学
|
|
| 作者: | 王寿兵 , 吴峰 , 刘晶茹 编著 | |
| 分册: | ||
| 出版信息: | 北京 化学工业出版社 2006 |
|
| 页数: | 294页 | |
| 开本: | 26cm | |
| 丛书名: | ||
| 单 册: | ||
| 中图分类: | Q149 , F062.9 | |
| 科图分类: | ||
| 主题词: | 产业--生态学--高等学校--教材 , 产业 , 生态学 | |
| 电子资源: | ||
| ISBN: | 7-5025-7245-7 | |
| 000 | 01047nam0 2200325 450 | |
| 001 | 003076745 | |
| 005 | 20070720100312.75 | |
| 010 | @a7-5025-7245-7@dCNY29.80 | |
| 035 | @a003076745 | |
| 100 | @a20060116d2006 em y0chiy0110 ea | |
| 101 | 0 | @achi |
| 102 | @aCN@b110000 | |
| 105 | @ay z 000yy | |
| 106 | @ar | |
| 200 | 1 | @a产业生态学@Achan ye sheng tai xue@f王寿兵,吴峰,刘晶茹编著@Fwang shou bing, wu feng, liu jing ru bian zhu |
| 210 | @a北京@c化学工业出版社@d2006 | |
| 215 | @a294页@d26cm | |
| 300 | @a高等学校教材 | |
| 300 | @a“十五”“211工程”重点建设项目“生物多样性与区域生态安全”资助 | |
| 330 | @a本书较为系统的介绍了产业生态学的兴起、基本原理、技术方法、生态工程建设以及产业生态学的相关政策。 | |
| 606 | 0 | @a产业@x生态学@x高等学校@j教材 |
| 606 | 0 | @a产业 |
| 606 | 0 | @a生态学 |
| 690 | @aQ149@v4 | |
| 690 | @aF062.9@v4 | |
| 701 | 0 | @a王寿兵@Awang shou bing@4编著 |
| 701 | 0 | @a吴峰@Awu feng@c(环境化学)@4编著 |
| 701 | 0 | @a刘晶茹@Aliu jing ru@4编著 |
| 801 | 0 | @aCN@bNLC@c20070720 |
| 905 | @dQ149@e132@f5 | |
| 产业生态学/王寿兵,吴峰,刘晶茹编著.-北京:化学工业出版社,2006 |
| 294页;26cm |
| 高等学校教材.-“十五”“211工程”重点建设项目“生物多样性与区域生态安全”资助 |
| ISBN 7-5025-7245-7:CNY29.80 |
| 本书较为系统的介绍了产业生态学的兴起、基本原理、技术方法、生态工程建设以及产业生态学的相关政策。 |
| ● |
| 相关链接 |
|
|
|
|
正题名:产业生态学
索取号:Q149/132
 
预约/预借
| 序号 | 登录号 | 条形码 | 馆藏地/架位号 | 状态 | 备注 |
| 1 | 0850015 | 208500157 | 第二样本阅览室/ [索取号:Q149/132] | 在馆 | |
| 2 | 0850016 | 208500166 | 第三借阅区/ [索取号:Q149/132] | 在馆 | |
| 3 | 0850017 | 208500175 | 第三借阅区/ [索取号:Q149/132] | 在馆 | |
| 4 | 0850018 | 208500184 | 第三借阅区/ [索取号:Q149/132] | 在馆 | |
| 5 | 0850019 | 208500193 | 第三借阅区/ [索取号:Q149/132] | 在馆 |